Datum a čas kvízu
11
Celkem bodů
Celkový počet nahraných bodů na tomto kvízu bez doplňovacích otázek.
16.
Pořadí na kvízu
Konečné umístění týmu na tomto kvízu.
Zaznamenané odpovědi
| # | Otázka | Odpověď | Body | Výsledky |
|---|---|---|---|---|
| 1. | Kandidátka SPOLU do červnových... | Hayato Okamura | 0 | |
| 2. | Nepříjemný závěr své cesty zaž... | olympijské hry v Paříži | 0 | |
| 3. | Jak se jmenuje 88letý zahranič... | Alain Delon | 0 | |
| 4. | Ředitelka české pobočky jedné... | 0 | ||
| 5. | LeBron James pokořil ve své 21... | 40 000 bodů | 0 | |
| 6. | Napište, kterým slovem se ozna... | okostice (periost) | 0 | |
| 7. | Ve kterém českém městě najdeme... | v Brně | 0 | |
| 8. | Antropoložce Brennanové, hlavn... | Temperance | 0 | |
| 9. | Která párová kost u psů a koní... | klíční kost (clavicula) | 1 | |
| 10. | V září roku 2012 byla pod park... | Richard III. | 0 |